<?xml version="1.0" encoding="UTF-8"?>
<collection xmlns:xsi="http://www.w3.org/2001/XMLSchema-instance" xsi:schemaLocation="http://www.loc.gov/MARC21/slim http://www.loc.gov/standards/marcxml/schema/MARC21slim.xsd" xmlns="http://www.loc.gov/MARC21/slim">
 <record>
  <leader>00000cam a22000004i 4500</leader>
  <controlfield tag="001">UP-8027390931316279394</controlfield>
  <controlfield tag="003">Buklod</controlfield>
  <controlfield tag="005">20180614082845.0</controlfield>
  <controlfield tag="006">a     r    |||| u|</controlfield>
  <controlfield tag="007">ta</controlfield>
  <controlfield tag="008">161108s2016    xx m    r    a001 0|eng d</controlfield>
  <datafield tag="020" ind1=" " ind2=" ">
   <subfield code="a">9784916055576</subfield>
  </datafield>
  <datafield tag="020" ind1=" " ind2=" ">
   <subfield code="a">4916055578</subfield>
  </datafield>
  <datafield tag="035" ind1=" " ind2=" ">
   <subfield code="a">(iLib)UPMIN-00010981639</subfield>
  </datafield>
  <datafield tag="040" ind1=" " ind2=" ">
   <subfield code="a">SISPL</subfield>
   <subfield code="b">eng</subfield>
   <subfield code="e">rda</subfield>
   <subfield code="c">DLC</subfield>
   <subfield code="d">SISPL</subfield>
   <subfield code="d">KGG</subfield>
   <subfield code="d">CPE</subfield>
   <subfield code="d">MAC</subfield>
   <subfield code="d">PAU</subfield>
   <subfield code="d">ZLM</subfield>
   <subfield code="d">OCLCF</subfield>
   <subfield code="d">IQU</subfield>
   <subfield code="d">CDS</subfield>
   <subfield code="d">GZM</subfield>
   <subfield code="d">L2U</subfield>
   <subfield code="d">ER0</subfield>
   <subfield code="d">KSU</subfield>
   <subfield code="d">AUD</subfield>
   <subfield code="d">BRX</subfield>
   <subfield code="d">OCLCQ</subfield>
   <subfield code="d">KMS</subfield>
   <subfield code="d">CUV</subfield>
   <subfield code="d">CIN</subfield>
  </datafield>
  <datafield tag="041" ind1="1" ind2=" ">
   <subfield code="a">eng</subfield>
   <subfield code="h">jpn</subfield>
  </datafield>
  <datafield tag="042" ind1=" " ind2=" ">
   <subfield code="a">lccopycat</subfield>
  </datafield>
  <datafield tag="082" ind1="0" ind2="4">
   <subfield code="a">305.8956</subfield>
  </datafield>
  <datafield tag="090" ind1=" " ind2="0">
   <subfield code="a">DS821</subfield>
   <subfield code="b">S51813 2016</subfield>
  </datafield>
  <datafield tag="100" ind1="1" ind2=" ">
   <subfield code="a">Shiba, Ry?otar?o</subfield>
   <subfield code="d">1923-1996</subfield>
   <subfield code="e">author.</subfield>
  </datafield>
  <datafield tag="240" ind1="1" ind2="0">
   <subfield code="a">Nihonjin to Nihon bunka.</subfield>
   <subfield code="l">English.</subfield>
  </datafield>
  <datafield tag="245" ind1="1" ind2="4">
   <subfield code="a">The people and culture of Japan</subfield>
   <subfield code="b">conversations between Donald Keene and Shiba Ryotaro</subfield>
   <subfield code="c">translated by Tony Gonzalez.</subfield>
  </datafield>
  <datafield tag="246" ind1="1" ind2=" ">
   <subfield code="i">Colophon title</subfield>
   <subfield code="a">(Eibunban) Nihonjin to Nihon bunka.</subfield>
  </datafield>
  <datafield tag="250" ind1=" " ind2=" ">
   <subfield code="a">First edition.</subfield>
  </datafield>
  <datafield tag="300" ind1=" " ind2=" ">
   <subfield code="a">171 pages</subfield>
   <subfield code="b">illustrations</subfield>
   <subfield code="c">22 cm.</subfield>
  </datafield>
  <datafield tag="490" ind1="1" ind2=" ">
   <subfield code="a">Japan library.</subfield>
  </datafield>
  <datafield tag="500" ind1=" " ind2=" ">
   <subfield code="a">Includes index.</subfield>
  </datafield>
  <datafield tag="500" ind1=" " ind2=" ">
   <subfield code="a">&quot;This book is a complete translation of 'Nihonjin to nihonbunka' from 'The Collected Works of Donald Keene, Vol.9 ; Donarudo kiin chosakushu dai 9 kan: sekai no naka no nihonbunka (Shinchosa Publishing Co., Ltd., 2013), which is also in print since its original publication in 1972 as a book published by Chuokoron-Shinsha, Inc.&quot;--Title verso.</subfield>
  </datafield>
  <datafield tag="500" ind1=" " ind2=" ">
   <subfield code="a">Foreword by Uemura Yoko.</subfield>
  </datafield>
  <datafield tag="500" ind1=" " ind2=" ">
   <subfield code="a">Prefaces by Donald Keene and Shiba Ryotaro.</subfield>
  </datafield>
  <datafield tag="505" ind1="0" ind2=" ">
   <subfield code="a">The birth of Japanese culture -- Kukai, Ikkyu, and the University of Religion -- The world of gold, the world of silver: the aesthetics of troubled times -- The Japanese view of war -- Confucianism and Japanese morals -- Westerners in Japan -- Japanese morals, revisited -- The culture of Edo.</subfield>
  </datafield>
  <datafield tag="520" ind1=" " ind2=" ">
   <subfield code="a">&quot;The People and Culture of Japan features conversations between Donald Keene, a preeminent scholar of Japanese literature, and Shiba Ryotaro, the author who continued to contemplate the human condition through his original and distinctive lens of history. These talks-which mainly explore the foundations of Japanese culture-took place in Japanese on three occasions in 1971, in the historic cities of Nara, Kyoto, and Osaka. Drawing on their profound insights into Japan's relations with foreign cultures over the course of Japanese history, the two engage in a passionate discussion of their first-hand impressions and observations of Japanese culture.&quot; from back cover.</subfield>
  </datafield>
  <datafield tag="546" ind1=" " ind2=" ">
   <subfield code="a">Text in English translated from the Japanese.</subfield>
  </datafield>
  <datafield tag="600" ind1="1" ind2="0">
   <subfield code="a">Keene, Donald</subfield>
   <subfield code="v">Interviews.</subfield>
  </datafield>
  <datafield tag="600" ind1="1" ind2="0">
   <subfield code="a">Shiba, Ry?otar?o</subfield>
   <subfield code="d">1923-1996</subfield>
   <subfield code="v">Interviews.</subfield>
  </datafield>
  <datafield tag="650" ind1=" " ind2="0">
   <subfield code="a">National characteristics, Japanese.</subfield>
  </datafield>
  <datafield tag="651" ind1=" " ind2="0">
   <subfield code="a">Japan</subfield>
   <subfield code="x">Social life and customs.</subfield>
  </datafield>
  <datafield tag="655" ind1=" " ind2="7">
   <subfield code="a">Interviews.</subfield>
  </datafield>
  <datafield tag="700" ind1="1" ind2=" ">
   <subfield code="a">Shiba, Ry?otar?o</subfield>
   <subfield code="d">1923-1996</subfield>
   <subfield code="e">interviewee</subfield>
   <subfield code="e">author of preface.</subfield>
  </datafield>
  <datafield tag="700" ind1="1" ind2=" ">
   <subfield code="a">Uemura Y?ok?o</subfield>
   <subfield code="e">author of foreword.</subfield>
  </datafield>
  <datafield tag="700" ind1="1" ind2=" ">
   <subfield code="a">Keene, Donald</subfield>
   <subfield code="e">author.</subfield>
  </datafield>
  <datafield tag="700" ind1="1" ind2=" ">
   <subfield code="a">Gonzalez, Tony</subfield>
   <subfield code="e">translator.</subfield>
  </datafield>
  <datafield tag="830" ind1=" " ind2="0">
   <subfield code="a">Japan library (Shuppan Bunka Sangy?o Shink?o Zaidan)</subfield>
  </datafield>
  <datafield tag="852" ind1="0" ind2=" ">
   <subfield code="a">UPMIN</subfield>
   <subfield code="b">UPMIN-MAIN</subfield>
   <subfield code="h">DS821</subfield>
   <subfield code="i">.S51813 2016</subfield>
  </datafield>
  <datafield tag="942" ind1=" " ind2=" ">
   <subfield code="a">Book</subfield>
  </datafield>
 </record>
</collection>
